| 000 | 00357nam a2200145Ia 4500 | ||
|---|---|---|---|
| 008 | 230312s9999||||xx |||||||||||||| ||und|| | ||
| 020 | _a81-265-6449-1 | ||
| 082 |
_a620.106 _bELG-E |
||
| 100 | _aElger;Donald.F | ||
| 245 | 0 | _aEngineering Fluid Mechanics | |
| 260 |
_bWiley _aIndia _c2017 |
||
| 300 | _a673 | ||
| 650 |
_aEngineering _vMechanics |
||
| 942 | _cBK | ||
| 999 |
_c12244 _d12244 |
||